French Nouns - Masculine or Feminine? - Statistics

General Stats
  • This quiz has been taken 442 times
  • The average score is 18 of 25
Answer Stats
Hint Extra Hint Answer % Correct
Boulangerie Bakery Feminine
87%
Lit Bed Masculine
85%
Plage Beach Feminine
84%
Ville City/Town Feminine
84%
Rue Street Feminine
82%
Pain Bread Masculine
82%
Chat Cat Masculine
81%
Magasin Store/Shop Masculine
80%
Voiture Car Feminine
79%
Vélo Bike Masculine
79%
Genou Knee Masculine
79%
Jardin Garden Masculine
78%
Rocher Rock Masculine
77%
Banque Bank Feminine
74%
Avion Plane Masculine
72%
Maison House Feminine
71%
École School Feminine
69%
Livre Book Masculine
67%
Fromage Cheese Masculine
65%
Fleur Flower Feminine
64%
Allemagne Germany Feminine
63%
Nuit Night Feminine
58%
Canapé Couch/Sofa Masculine
49%
Arbre Tree Masculine
47%
Pizza Pizza Feminine
45%
No matching quizzes found
Score Distribution
Percent of People with Each Score
Percentile by Number Answered
Your Score History
You have not taken this quiz